Towards people's empowerment: go-ngo collaboration in agricultural development (Record no. 98849)

MARC details
000 -LEADER
fixed length control field 00504nam a22001577i 4500
082 ## - DEWEY DECIMAL CLASSIFICATION NUMBER
Classification number SB 482
Item number N228
100 ## - MAIN ENTRY--PERSONAL NAME
Personal name Navarro, Rex L.
245 ## - TITLE STATEMENT
Title Towards people's empowerment: go-ngo collaboration in agricultural development
264 #1 - PRODUCTION, PUBLICATION, DISTRIBUTION, MANUFACTURE, AND COPYRIGHT NOTICE
Place of production, publication, distribution, manufacture Philippines
Name of producer, publisher, distributor, manufacturer PRRI
Date of production, publication, distribution, manufacture, or copyright notice 1993.
300 ## - PHYSICAL DESCRIPTION
Extent xix 230 p.
Other physical details ill., 23.5 cm.
336 ## - CONTENT TYPE
Content type term text
Content type code txt
Source rdacontent
337 ## - MEDIA TYPE
Media type term unmediated
Media type code n
Source rdamedia
338 ## - CARRIER TYPE
Carrier type term volume
Carrier type code nc
Source rdacarrier
650 ## - SUBJECT ADDED ENTRY--TOPICAL TERM
Topical term or geographic name entry element Framework for people-centered development and empowerment
942 ## - ADDED ENTRY ELEMENTS (KOHA)
Koha item type Filipiniana
Holdings
Withdrawn status Source of classification or shelving scheme Damaged status Not for loan Home library Current library Shelving location Date acquired Total Checkouts Full call number Barcode Date last seen Price effective from Koha item type
  Library of Congress Classification     Tanay College Library Tanay College Library Filipiniana Section 01/09/2015   SB 482 N228 URSTAN-N1128 01/09/2015 01/09/2015 Reserved Books

University of Rizal System
Email us at univlibservices@urs.edu.ph

Visit our Website www.urs.edu.ph/library